000 00219 a2200097 4500
001 7451
100 _aMclavney, W.J
245 _aManagement training : cases and principles
260 _a
_bIrwin
_c
090 _c5989
_d5989
942 _aNUST-CAE
_c
_c32476
999 _c242524
_d242524